| 000 | 00648nam a22001577a 4500 | ||
|---|---|---|---|
| 003 | OSt | ||
| 005 | 20151103110332.0 | ||
| 008 | 151103b xxu||||| |||| 00| 0 eng d | ||
| 040 | _cRUA | ||
| 082 | _aFOR KHE 1996 B122 Or.1 | ||
| 100 |
_93257 _aKHENG, SETHIKUN. |
||
| 245 | _aContribution to the study of planting tocal forest species along prek thnot river (វិភាគទានលើការសិក្សាអំពីការដាំព្រៃឈើក្នុងស្រុកនៅតាមដងស្ទឺងព្រែកត្នោត) | ||
| 260 |
_aPhnom Penh _bRUA _c1996 |
||
| 300 |
_a80p. _bill. _c29cm. |
||
| 942 |
_2ddc _cFOR |
||
| 999 |
_c3041 _d3041 |
||